SZA - SOS - Statistics

General Stats
  • This quiz has been taken 39 times
    17 since last reset
  • The average score is 16 of 42
Answer Stats
2022 SOS % Correct
12 Ghost in the Machine (feat. Phoebe Bridgers)
82%
2 Kill Bill
82%
8 Snooze
82%
1 SOS
82%
5 Love Language
73%
4 Low
73%
7 Used (feat. Don Toliver)
73%
14 Nobody Gets Me
64%
19 Shirt
64%
11 Smoking on my Ex Pack
64%
10 Gone Girl
55%
20 Open Arms (feat. Travis Scott)
55%
3 Seek & Destroy
55%
6 Blind
45%
15 Conceited
45%
9 Notice Me
45%
28 BMF
36%
33 Crybaby
36%
36 Drive
36%
13 F2F
36%
18 Far
36%
23 Forgiveless (feat.Ol' Dirty Bastard)
36%
22 Good Days
36%
21 I Hate U
36%
34 Kitchen
36%
16 Special
36%
42 PSA
27%
38 Saturn
27%
17 Too Late
27%
25 What Do I Do
27%
37 Another Life
18%
32 My Turn
18%
26 30 For 30 (with Kendrick Lamar)
9%
27 Diamond Boy (DTM)
9%
39 Joni (feat. Don Toliver)
9%
24 No More Hiding
9%
41 Open Arms (just SZA)
9%
29 Scorsese Baby Daddy
9%
40 Take You Down
9%
31 Chill Baby
0%
35 Get Behind Me (Interlude)
0%
30 Love Me 4 Me
0%
No matching quizzes found
Score Distribution
Percent of People with Each Score
Percentile by Number Answered
Your Score History
You have not taken this quiz since the last reset